000 00429nam a2200133Ia 4500
008 191206s9999 xx 000 0 und d
020 _a797410090
090 _aRC606.55K34A3
245 0 _aWe miss you all: Noerine Kaleeba--AIDS in the family
260 _aWomen and AIDS Support Network
260 _cc"c1991, 1992 printing"
300 _a103 p. : ill. ; 21 cm.
999 _c17273
_d17273